<?xml version="1.0" encoding="utf-8"?>
<?xml-stylesheet type='text/xsl' href='./oai2.xsl'?>
<OAI-PMH xmlns="http://www.openarchives.org/OAI/2.0/" xmlns:xsi="http://www.w3.org/2001/XMLSchema-instance" xsi:schemaLocation="http://www.openarchives.org/OAI/2.0/ http://www.openarchives.org/OAI/2.0/OAI-PMH.xsd">
  <responseDate>2026-04-30T02:13:40Z</responseDate>
  <request verb="GetRecord" metadataPrefix="marcxml" identifier="isil_DE-MUS-071012_14247">https://kulturerbe.niedersachsen.de/oai</request>
  <GetRecord>
    <record>
      <header>
        <identifier>isil_DE-MUS-071012_14247</identifier>
        <datestamp>2015-11-03T05:32:06Z</datestamp>
        <setSpec>slg0156</setSpec>
      </header>
      <metadata>
        <marc:record xmlns:marc="http://www.loc.gov/MARC21/slim" xsi:schemaLocation="http://www.loc.gov/MARC21/slim http://www.loc.gov/standards/marcxml/schema/MARC21slim.xsd">
          <marc:leader>12345nkm  22     uu 4500</marc:leader>
          <marc:controlfield tag="001">2916</marc:controlfield>
          <marc:controlfield tag="005">2015-07-27T11:41:00</marc:controlfield>
          <marc:controlfield tag="008">|           ||||||||||||||||||||||</marc:controlfield>
          <marc:datafield tag="245" ind1="1" ind2="0">
            <marc:subfield code="a">Vorlagenblatt</marc:subfield>
          </marc:datafield>
          <marc:datafield tag="655" ind1=" " ind2="7">
            <marc:subfield code="a">Grafik</marc:subfield>
          </marc:datafield>
          <marc:datafield tag="046" ind1=" " ind2=" ">
            <marc:subfield code="k">1767</marc:subfield>
            <marc:subfield code="k">zweite Hälfte 18. Jahrhundert</marc:subfield>
            <marc:subfield code="l">1809</marc:subfield>
          </marc:datafield>
          <marc:datafield tag="260" ind1=" " ind2=" ">
            <marc:subfield code="g">1767</marc:subfield>
            <marc:subfield code="g">1809</marc:subfield>
            <marc:subfield code="g">zweite Hälfte 18. Jahrhundert</marc:subfield>
          </marc:datafield>
          <marc:datafield tag="300" ind1=" " ind2=" ">
            <marc:subfield code="a">Höhe: 24,3 cm
Breite: 38,1 cm</marc:subfield>
          </marc:datafield>
          <marc:datafield tag="520" ind1=" " ind2=" ">
            <marc:subfield code="a">Vorlagenblatt. Einzelblatt aus einem Konvolut von acht Skulpturdarstellungen, die als Motivvorlage für Kunsthandwerker dienten. Die Nummerierung oben rechts lässt auf eine Mappensammlung von ursprünglich mindestens 15 Blättern schließen. In schlichten antikisierenden Formen sind sieben Memorialskulpturen wiedergegeben. Dargestellt sind zwei Urnen, drei Grabsteine und zwei leere Inschriftentafeln. Teilweise sind sie mit Pflanzenranken versehen. Signatur: "J.J.Haid et filius exe A.V.". Stecher und Verleger war Johann Elias Haid (1739-1809), der den Verlag seines Vaters Johann Jacob (1704-1767) in Augsburg ab 1767 unter dem Namen "J.J.Haid et fils" weiterführte.

Hersteller: 
Haid, Johann Elias (1739-1809) (Hersteller)</marc:subfield>
          </marc:datafield>
          <marc:datafield tag="773" ind1="0" ind2=" ">
            <marc:subfield code="t">Populärer Wandbildschmuck - Druckgrafik aus dem 17. bis 20. Jahrhundert</marc:subfield>
          </marc:datafield>
          <marc:datafield tag="852" ind1=" " ind2=" ">
            <marc:subfield code="a">Schlossmuseum Jever</marc:subfield>
          </marc:datafield>
          <marc:datafield tag="852" ind1=" " ind2=" ">
            <marc:subfield code="a">Augsburg</marc:subfield>
          </marc:datafield>
          <marc:datafield tag="" ind1=" " ind2=" ">
            <marc:subfield code="a">Rechte vorbehalten – Freier Zugang</marc:subfield>
          </marc:datafield>
        </marc:record>
      </metadata>
    </record>
  </GetRecord>
</OAI-PMH>
